Catálogo

El renacimiento periódico literario : (Registro nro. 53693)

Detalles MARC
000 -LEADER
fixed length control field 01623cam a2200337 i 4500
001 - CONTROL NUMBER
control field 53693
003 - CONTROL NUMBER IDENTIFIER
control field Mx-PuUPA
005 - DATE AND TIME OF LATEST TRANSACTION
control field 20220325105508.0
008 - FIXED-LENGTH DATA ELEMENTS--GENERAL INFORMATION
fixed length control field 140415s1869 mx ab r 000 0 spa d
020 ## - INTERNATIONAL STANDARD BOOK NUMBER
International Standard Book Number 9685825793
040 ## - CATALOGING SOURCE
Original cataloging agency MX-PuUPA
Language of cataloging spa
Description conventions rda
Transcribing agency Mx-PuUPA
Modifying agency Mx-PuUPA
041 ## - LANGUAGE CODE
Language code of text/sound track or separate title spa
245 03 - TITLE STATEMENT
Title El renacimiento periódico literario :
Remainder of title México, 1869 /
Statement of responsibility, etc. presentación de Huberto Batis.
250 ## - EDITION STATEMENT
Edition statement Facsimilar
264 #1 - PRODUCTION, PUBLICATION, DISTRIBUTION, MANUFACTURE, AND COPYRIGHT NOTICE
Place of production, publication, distribution, manufacture México, D.F. :
Name of producer, publisher, distributor, manufacturer Universidad Nacional Autónoma de México,
Date of production, publication, distribution, manufacture, or copyright notice 1869
300 ## - PHYSICAL DESCRIPTION
Extent 1 volumen (paginación varía) :
Other physical details ilustraciones, mapas, láminas (algunas a color) ;
Dimensions 29 cm.
336 ## - CONTENT TYPE
Content type term texto
Fuente rdacontent
Content type code txt
337 ## - MEDIA TYPE
Media type term sin mediación
Source rdamedia
Media type code n
338 ## - CARRIER TYPE
Carrier type term volumen
Source rdacarrier
Carrier type code nc
490 0# - SERIES STATEMENT
Series statement Fuentes de la literatura mexicana
650 #7 - SUBJECT ADDED ENTRY--TOPICAL TERM
Topical term or geographic name entry element Renacimiento (México, Ciudad)
Source of heading or term avdi
650 #4 - SUBJECT ADDED ENTRY--TOPICAL TERM
Topical term or geographic name entry element Periódicos mexicanos
700 1# - ADDED ENTRY--PERSONAL NAME
Personal name Batis, Huberto,
Relator term prologuista
740 32 - ADDED ENTRY--UNCONTROLLED RELATED/ANALYTICAL TITLE
Uncontrolled related/analytical title El renacimiento : periódico literario.
Number of part/section of a work Tomo I
740 32 - ADDED ENTRY--UNCONTROLLED RELATED/ANALYTICAL TITLE
Uncontrolled related/analytical title El renacimiento : periódico literario.
Number of part/section of a work Tomo II
775 1# - OTHER EDITION ENTRY
Relationship information Contiene (obra):
Main entry heading Altamirano, Ignacio M.
Title El renacimiento : periódico literario. Tomo I.
Place, publisher, and date of publication México : Imprenta de F. Diaz de Leon y Santiago White, 1869
Physical description 520 páginas, 25 hojas sin numerar : ilustraciones, mapas ;29 cm.
775 1# - OTHER EDITION ENTRY
Relationship information Contiene (obra):
Main entry heading Diaz de Leon y White.
Title El renacimiento : periódico literario. Tomo II.
Place, publisher, and date of publication México : Imprenta de F. Diaz de Leon y Santiago White, 1869
Physical description 291 páginas,16 hojas sin numerar : ilustraciones, mapas ;29 cm.
942 ## - ADDED ENTRY ELEMENTS (KOHA)
Source of classification or shelving scheme Dewey Decimal Classification
Koha item type Libro
Classification part 079.72
Item part REN
Existencias
Withdrawn status Lost status Source of classification or shelving scheme Damaged status Not for loan Collection code Home library Current library Shelving location Date acquired Source of acquisition Total Checkouts Full call number Barcode Date last seen Price effective from Koha item type
    Dewey Decimal Classification   Consulta en sala Especial Biblioteca Karol Wojtyla Biblioteca Karol Wojtyla Sala "Colecciones Especiales" 23/04/2018 Compra   079.72 REN 1869 47737 05/01/2026 24/04/2018 Libro
    Dewey Decimal Classification   Consulta en sala Especial Biblioteca Karol Wojtyla Biblioteca Karol Wojtyla Sala "Colecciones Especiales" 03/12/2013 Compra   079.72 REN 1869 79911 05/01/2026 24/04/2018 Libro